[Event "GRE-ch U18"]
[Site "Chania"]
[Date "2021.07.20"]
[Round "8"]
[White "Georgakakis, Michail"]
[Black "Bairamian, Artur"]
[Result "1/2-1/2"]
[WhiteElo "1334"]
[BlackElo "1791"]
[PlyCount "87"]
[EventDate "2021.07.15"]
[EventType "swiss"]
[EventRounds "9"]
[EventCountry "GRE"]
[SourceTitle "EXT 2022"]
[Source "ChessBase"]
[SourceDate "2021.10.06"]
[SourceVersion "1"]
[SourceVersionDate "2021.10.06"]
[SourceQuality "1"]

1. d4 d5 2. c4 e6 3. Nf3 Nf6 4. g3 c6 5. Qc2 dxc4 6. Qxc4 b5 7. Qc2 Bb7 8. Bg2 Nbd7 9. 0-0 Be7 10. a3 a5 11. Ne5 Nxe5 12. dxe5 Nd5 13. Rd1 Qc8 14. Nc3 Nxc3 15. Qxc3 c5 16. Be3 Bxg2 17. Kxg2 0-0 18. Rac1 Qb7+ 19. Kg1 Rfc8 20. Qd3 h6 21. Rd2 c4 22. Qb1 Rc7 23. Bd4 Rd7 24. e3 Rad8 25. Rdc2 Qf3 26. Rf1 Rd5 27. a4 Bc5 28. Bxc5 Rxc5 29. axb5 Rxe5 30. Rxc4 Rxb5 31. Rfc1 g6 32. Rc8 Rxc8 33. Rxc8+ Kg7 34. Rd8 Qb7 35. Rd2 Rb3 36. Qc2 a4 37. Qc4 Qb4 38. Qd4+ Qxd4 39. Rxd4 Rxb2 40. Rxa4 f5 41. h4 Kf6 42. Ra6 g5 43. hxg5+ hxg5 44. Kg2 1/2-1/2

[Event "GRE-ch U18"]
[Site "Chania"]
[Date "2021.07.19"]
[Round "7"]
[White "Bairamian, Artur"]
[Black "Mylonakis, Ioannis Georg"]
[Result "1/2-1/2"]
[WhiteElo "1791"]
[BlackElo "1541"]
[PlyCount "71"]
[EventDate "2021.07.15"]
[EventType "swiss"]
[EventRounds "9"]
[EventCountry "GRE"]
[SourceTitle "EXT 2022"]
[Source "ChessBase"]
[SourceDate "2021.10.06"]
[SourceVersion "1"]
[SourceVersionDate "2021.10.06"]
[SourceQuality "1"]

1. Nf3 d5 2. g3 Nf6 3. Bg2 c6 4. 0-0 Bf5 5. d3 e6 6. c4 Nbd7 7. b3 Be7 8. Bb2 0-0 9. Nbd2 a5 10. Re1 Nc5 11. Nf1 h6 12. Rc1 Qb6 13. Bd4 Rac8 14. Ne5 Rfd8 15. Ne3 Bh7 16. Qd2 Nfd7 17. Nxd7 Rxd7 18. Qb2 f6 19. Bh3 Kf7 20. cxd5 cxd5 21. a3 Qb5 22. Bxc5 Rxc5 23. Nc2 f5 24. d4 Bf6 25. e3 Rdc7 26. Na1 Qc6 27. Rcd1 g5 28. Qd2 Rc3 29. Bf1 b5 30. Bd3 Be7 31. Qe2 Bxa3 32. Bxb5 Qd6 33. f4 g4 34. Bd3 Bb4 35. Rf1 h5 36. h4 1/2-1/2

[Event "GRE-ch U18"]
[Site "Chania"]
[Date "2021.07.17"]
[Round "4"]
[White "Tsilidis, Christos"]
[Black "Bairamian, Artur"]
[Result "1/2-1/2"]
[WhiteElo "1519"]
[BlackElo "1791"]
[PlyCount "83"]
[EventDate "2021.07.15"]
[EventType "swiss"]
[EventRounds "9"]
[EventCountry "GRE"]
[SourceTitle "EXT 2022"]
[Source "ChessBase"]
[SourceDate "2021.10.06"]
[SourceVersion "1"]
[SourceVersionDate "2021.10.06"]
[SourceQuality "1"]

1. d4 d5 2. c4 e6 3. Nf3 Nf6 4. Nc3 c6 5. cxd5 exd5 6. Bf4 Bd6 7. Bxd6 Qxd6 8. e3 Bg4 9. h3 Bh5 10. Be2 Nbd7 11. 0-0 0-0 12. a3 b5 13. Rc1 b4 14. axb4 Qxb4 15. Ne5 Bxe2 16. Qxe2 Nxe5 17. dxe5 Nd7 18. f4 Rfe8 19. Kh1 f6 20. Qg4 Qe7 21. e4 fxe5 22. exd5 Nf6 23. Qh4 cxd5 24. fxe5 Qxe5 25. Rfe1 Ne4 26. Nxe4 dxe4 27. Re3 Rab8 28. b3 Rb4 29. Qe1 a5 30. Qc3 Qxc3 31. Rcxc3 Kf7 32. Rc5 a4 33. bxa4 Rxa4 34. g4 Ke6 35. Kg2 Rd8 36. Kg3 Rd5 37. Rc8 Kf7 38. h4 h6 39. h5 Rd3 40. Kf4 Rxe3 41. Kxe3 Kf6 42. Rc5 1/2-1/2

[Event "EU-ch Amateur Online 1700/2000"]
[Site "Tornelo INT"]
[Date "2021.04.24"]
[Round "5"]
[White "Yorukcuoglu, Can"]
[Black "Bairamian, Artur"]
[Result "1-0"]
[WhiteElo "1389"]
[BlackElo "1791"]
[PlyCount "73"]
[EventDate "2021.04.24"]
[EventType "swiss (rapid)"]
[EventRounds "8"]
[EventCountry "NET"]
[SourceTitle "EXT 2023"]
[Source "ChessBase"]
[SourceDate "2022.10.05"]
[SourceVersion "1"]
[SourceVersionDate "2022.10.05"]
[SourceQuality "1"]

1. e4 e5 2. Nc3 Nf6 3. f4 d6 4. Nf3 exf4 5. d4 Be7 6. Bxf4 h6 7. Bd3 Bg4 8. h3 Bxf3 9. Qxf3 Nc6 10. Be3 a6 11. a3 Qd7 12. 0-0 0-0 13. Nd5 Nd8 14. Nxf6+ Bxf6 15. e5 Bg5 16. Bxg5 hxg5 17. Qh5 g6 18. Qxg5 dxe5 19. Bxg6 fxg6 20. Qxg6+ Qg7 21. Rxf8+ Kxf8 22. Rf1+ Kg8 23. Qe8+ Kh7 24. Rf5 Qg6 25. Rh5+ Kg7 26. Qh8+ Kf7 27. Rh7+ Ke6 28. Rh6 Qxh6 29. Qxh6+ Kd5 30. dxe5 Kxe5 31. Qh8+ Kd6 32. g4 Rb8 33. Qd4+ Ke7 34. Qe5+ Ne6 35. h4 Rg8 36. g5 Rh8 37. Qxh8 1-0

[Event "GRE-ch South U16"]
[Site "Athens"]
[Date "2020.08.30"]
[Round "4"]
[White "Bairamian, Artur"]
[Black "Kouvidis, Ioannis"]
[Result "1/2-1/2"]
[WhiteElo "1836"]
[BlackElo "2040"]
[PlyCount "59"]
[EventDate "2020.08.28"]
[EventType "swiss"]
[EventRounds "9"]
[EventCountry "GRE"]
[SourceTitle "EXT 2023"]
[Source "ChessBase"]
[SourceDate "2022.10.05"]
[SourceVersion "1"]
[SourceVersionDate "2022.10.05"]
[SourceQuality "1"]

1. Nf3 Nf6 2. g3 g6 3. Bg2 Bg7 4. 0-0 0-0 5. c4 Nc6 6. d4 d5 7. Ne5 dxc4 8. Nxc6 bxc6 9. Bxc6 Bh3 10. Re1 Rb8 11. Bf3 Bg4 12. Bxg4 Nxg4 13. e3 Nf6 14. Qe2 c5 15. Qxc4 cxd4 16. exd4 Qd5 17. Nd2 Rfc8 18. Qxd5 Nxd5 19. Nb3 Rc2 20. Rb1 a5 21. Rd1 a4 22. Na1 Rc4 23. Be3 Rcb4 24. Rd2 Nc3 25. Rc1 Nxa2 26. Rc7 R4b7 27. Rdc2 Rxc7 28. Rxc7 h5 29. Rc2 Nb4 30. Rc4 1/2-1/2

[Event "GRE-ch South U16"]
[Site "Athens"]
[Date "2020.08.29"]
[Round "2"]
[White "Papidakis, Georgios"]
[Black "Bairamian, Artur"]
[Result "1-0"]
[WhiteElo "1983"]
[BlackElo "1836"]
[PlyCount "72"]
[EventDate "2020.08.28"]
[EventType "swiss"]
[EventRounds "9"]
[EventCountry "GRE"]
[SourceTitle "EXT 2023"]
[Source "ChessBase"]
[SourceDate "2022.10.05"]
[SourceVersion "1"]
[SourceVersionDate "2022.10.05"]
[SourceQuality "1"]

1. d4 d5 2. c4 e6 3. Nc3 Nf6 4. Bg5 Be7 5. e3 0-0 6. Nf3 c6 7. Qc2 Nbd7 8. Rd1 dxc4 9. Bxc4 Nd5 10. Bxe7 Qxe7 11. e4 Nxc3 12. bxc3 b5 13. Bd3 Rb8 14. 0-0 Rd8 15. e5 Nf8 16. Be4 Bb7 17. a4 c5 18. Bxb7 Rxb7 19. axb5 Rxb5 20. c4 Rb4 21. d5 Qb7 22. dxe6 Rxd1 23. Rxd1 fxe6 24. h3 Qa6 25. Rd8 Rxc4 26. Qd2 Qa1+ 27. Kh2 Qc1 28. Qxc1 Rxc1 29. Ng5 c4 30. Nxe6 Kf7 31. Nxf8 c3 32. Rc8 c2 33. Nxh7 a5 34. Ng5+ Ke7 35. Nf3 Ke6 36. Rxc2 Kd5 1-0

[Event "GRE-ch U18"]
[Site "Rethymno"]
[Date "2019.01.02"]
[Round "1"]
[White "Kouvidis, Ioannis"]
[Black "Bairamian, Artur"]
[Result "1/2-1/2"]
[WhiteElo "2060"]
[BlackElo "1411"]
[PlyCount "136"]
[EventDate "2019.01.02"]
[EventType "swiss"]
[EventRounds "9"]
[EventCountry "GRE"]
[SourceTitle "CBM 188 Extra"]
[Source "ChessBase"]
[SourceDate "2019.02.26"]
[SourceVersion "1"]
[SourceVersionDate "2019.02.26"]
[SourceQuality "1"]

1. d4 d5 2. Nc3 Nf6 3. Bf4 c6 4. e3 e6 5. Bd3 Be7 6. Qf3 Na6 7. a3 c5 8. Be5 c4 9. Be2 Qb6 10. Rb1 Qa5 11. Bxf6 Bxf6 12. Qg3 Bd7 13. Nf3 b5 14. 0-0 Qc7 15. Ne5 Bxe5 16. dxe5 0-0 17. Rfd1 Bc6 18. Bf3 Nc5 19. Rd4 f6 20. exf6 Qxg3 21. hxg3 Rxf6 22. Rbd1 a5 23. Ne2 b4 24. axb4 axb4 25. b3 e5 26. Bxd5+ Bxd5 27. Rxd5 cxb3 28. cxb3 Nxb3 29. Rxe5 Na1 30. Rb5 Nc2 31. Nd4 Rd6 32. Rb7 Rad8 33. Rb1 Nxd4 34. exd4 Rxd4 35. R7xb4 Kf7 36. Rb7+ Kg6 37. R7b6+ Kf5 38. R6b5+ R4d5 39. Rxd5+ Rxd5 40. Rb7 Kg6 41. g4 h5 42. gxh5+ Rxh5 43. g4 Rd5 44. Kg2 Kf6 45. Kg3 g5 46. Rb6+ Kg7 47. Kf3 Re5 48. Rd6 Kf7 49. Rd3 Kf6 50. Rd6+ Kf7 51. Rb6 Kg7 52. Rb4 Kf6 53. Re4 Rc5 54. Ke3 Rc3+ 55. Ke2 Rc2+ 56. Kf3 Rc3+ 57. Re3 Rc4 58. Kg3 Rd4 59. Re2 Rd3+ 60. f3 Rc3 61. Kf2 Rb3 62. Rd2 Ke5 63. Ke2 Kf4 64. Rd4+ Kg3 65. Rd5 Rxf3 66. Rxg5 Rf4 67. Rf5 Kxg4 68. Rxf4+ Kxf4 1/2-1/2

[Event "GRE-ch U20"]
[Site "Chania"]
[Date "2018.04.12"]
[Round "4"]
[White "Tsobanakis, Stelios"]
[Black "Bairamian, Artur"]
[Result "0-1"]
[WhiteElo "1197"]
[BlackElo "1480"]
[PlyCount "86"]
[EventDate "2018.04.10"]
[EventType "swiss"]
[EventRounds "9"]
[EventCountry "GRE"]
[SourceTitle "CBM 184 Extra"]
[Source "ChessBase"]
[SourceDate "2018.06.28"]
[SourceVersion "1"]
[SourceVersionDate "2018.06.28"]
[SourceQuality "1"]

1. e4 c6 2. d4 d5 3. Nc3 dxe4 4. Nxe4 Nf6 5. Nxf6+ exf6 6. Nf3 Bg4 7. Be2 Be7 8. h3 Bh5 9. 0-0 0-0 10. Bf4 Nd7 11. Re1 Nb6 12. a3 Re8 13. c4 Bxf3 14. gxf3 Qd7 15. Kg2 Rad8 16. Be3 f5 17. f4 Bf6 18. Qc2 g6 19. Rad1 Bg7 20. Bf3 Qc7 21. b4 Bf6 22. Qc3 Kg7 23. Qc2 h6 24. h4 Kh7 25. Re2 Kg8 26. Ree1 Qc8 27. Re2 Kh7 28. Ree1 Bxd4 29. Rxd4 Rxd4 30. Bxd4 Rxe1 31. Be3 Qh8 32. Qd2 Qa1 33. Bd4 Qc1 34. Qd3 Qxc4 35. Qd2 Re8 36. Bxb6 axb6 37. Qd7 Qe6 38. Qxb7 c5 39. Bd5 Re7 40. Qa8 Qd6 41. bxc5 Qxc5 42. Qd8 Qc7 43. Qa8 Qxf4 0-1

[Event "GRE-ch U18"]
[Site "Chania"]
[Date "2013.01.05"]
[Round "5.9"]
[White "Bairamian, Artur"]
[Black "Theodorou, Nikolas"]
[Result "0-1"]
[WhiteElo "1497"]
[BlackElo "2089"]
[PlyCount "114"]
[EventDate "2013.01.02"]
[EventType "swiss"]
[EventRounds "9"]
[EventCountry "GRE"]
[SourceTitle "EXT 2024"]
[Source "ChessBase"]
[SourceDate "2023.10.10"]
[SourceVersion "1"]
[SourceVersionDate "2023.10.10"]
[SourceQuality "1"]

1. e4 e6 2. d4 d5 3. e5 c5 4. Nf3 Nc6 5. Be3 Qb6 6. dxc5 Qxb2 7. Nbd2 Qc3 8. Bd3 Bxc5 9. Bxc5 Qxc5 10. 0-0 Nge7 11. Ng5 Nxe5 12. Qh5 N5g6 13. Bxg6 Nxg6 14. Nxh7 Qd4 15. Nf3 Qf4 16. g3 Qh6 17. Qxh6 gxh6 18. Nf6+ Ke7 19. Ng4 f6 20. Rfe1 Bd7 21. Rad1 Kf7 22. Nd2 h5 23. Ne3 Bc6 24. Nb3 Rad8 25. Na5 Ne5 26. Nxc6 bxc6 27. Kg2 Ng6 28. Rb1 Rb8 29. Rxb8 Rxb8 30. c4 d4 31. Nc2 c5 32. a4 Rb2 33. Na3 Ne5 34. Nb5 Nd3 35. Rf1 a6 36. Nd6+ Ke7 37. Ne4 f5 38. Ng5 e5 39. Nf3 e4 40. Nh4 Kf6 41. Kg1 f4 42. gxf4 Nxf4 43. Re1 Nh3+ 44. Kh1 Nxf2+ 45. Kg1 e3 46. Kf1 Ng4 47. h3 Rf2+ 48. Kg1 Ne5 49. Kh1 Kg5 50. Ng2 Nf3 51. Rb1 h4 52. Rc1 d3 53. Rd1 d2 54. Rb1 e2 55. Ra1 e1R+ 56. Rxe1 dxe1B 57. Nxe1 Rh2# 0-1